000 00472nmm a2200157Ia 4500
008 251105s9999||||xx |||||||||||||||||und||
020 _a9788416312733
041 _aspa
100 _aJaime Gera, Gema
245 0 _aMetamorfosis personal. Ahora me siento mariposa
264 _a[Madrid, España] :
_bEditorial Club Universitario: ECU,
_c2016
300 _a220 páginas
650 _aBiography
856 _uhttps://public.digitaliapublishing.com/a/171711
942 _cCF
999 _c77516
_d77516